Rozvoj československého priemyslu v podmienkach VTR publikačná činnosť za obdobie 1981-1985

Gespeichert in:
Bibliographische Detailangaben
Format: Buch
Sprache:Slowakisch
Veröffentlicht: Bratislava VŠE 1985
Ausgabe:1. vyd.
Tags: Tag hinzufügen
Keine Tags, Fügen Sie das erste Tag hinzu!

MARC

LEADER 00000nam a2200000 4500
001 c024612
005 20221220080225.7
041 0 |a slo 
044 |a SK 
245 1 0 |a Rozvoj československého priemyslu v podmienkach VTR  |b publikačná činnosť za obdobie 1981-1985 
250 |a 1. vyd. 
264 1 |a Bratislava  |b VŠE  |c 1985 
300 |a 26 s.